| 000 | 01203nam0a2200289 4500 | ||
|---|---|---|---|
| 001 | RU\NLR\bibl\576627 | ||
| 005 | 20260406062145.0 | ||
| 010 | _a5-7140-0293-8 | ||
| 021 |
_aRU _b2004-60401 _92972 |
||
| 035 | _a(NLR Aleph) 000568666 | ||
| 090 |
_a1578432 _c1578432 |
||
| 100 | _a20041123d2004 |||y0rusy50 ca | ||
| 101 | 0 | _arus | |
| 102 | _aRU | ||
| 105 | _aa ||||||||| | ||
| 200 | 1 |
_aМимолетности _e[Воспоминания, размышления, рассказы о современниках] _fВладимир Спиваков _g[Лит. запись- Н. Колесова] |
|
| 210 |
_aМ. _cМузыка _d2004 |
||
| 215 |
_a222,[1] с. _cил., цв. ил. _d32 |
||
| 600 | 1 |
_aСпиваков _bВ. Т. _f1944 _gВладимир Теодорович _jВоспоминания, записки и т.п. _92270809 _3RU\NLR\auth\661361049 |
|
| 686 | _aЩ313(2Р=Рус)7-83Спиваков | ||
| 700 | 1 |
_4070 _8rus _7ca _aСпиваков _bВ.Т. _f1944- _gВладимир Теодорович _3RU\NLR\auth\7712355 _9122073 |
|
| 702 | 1 |
_aКолесова _bН. _4570 |
|
| 801 | 0 |
_aRU _bNLR _c20041123 _gPSBO |
|
| 801 | 1 |
_aRU _bNLR _c20041123 |
|
| 942 | _cBOOK | ||
| 980 | _aNB | ||